00878nam a2200193 i 4500001000300000245017200003260005900175300004000234490004500274700005000319710008400369830004500453020001500498040000800513041000800521080001600529008004100545856009800586bg00aFizyka dielektryków i radiospektroskopia.nT. 14 /c[red. Arkadiusz Piekara i in.] ; Poznańskie Towarzystwo Przyjaciół Nauk. Wydział Matematyczno-Przyrodniczy. aWarszawa ; Poznań :bPańst. Wydaw. Naukowe,c1986. a95 s. :bil., rys., wykr. ;c24 cm.1 aPrace Komisji Matematyczno-Przyrodniczej1 aPiekara, Arkadiusz Henrykd(1904-1989).eRed. aPoznańskie Towarzystwo Przyjaciół Nauk. Wydział Matematyczno-Przyrodniczy aPrace Komisji Matematyczno-Przyrodniczej a8301066636 cBPK apol a537.2:543.4 s pl f |000 0 pol  uhttp://koha.tu.koszalin.pl/cgi-bin/koha/opac-detail.pl?biblionumber=23173yKatalog online BPK